Китай - събуждането на един гигант (Запис номер 322705)
[ съкратено ]
| 000 -Лидер | |
|---|---|
| Контролно поле с фиксирана дължина | aam a22 a 4500 |
| 003 - Код на организацията, давaща контролен номер | |
| Контролно поле | BLK |
| 005 - Дата и час на последна редакция | |
| Контролно поле | 20210318104306.0 |
| 008 - Елементи от данни с фиксирана дължина | |
| fixed length control field | 181012b bu ||||| |||| 00| 0 bu d |
| 020 ## - Международен стандартен номер на книга ISBN | |
| Международен стандартен номер на книга ISBN | 9789542824619 |
| 040 ## - Източник на каталожния запис | |
| Идентификатор на билиотеката - собственик на записа | BLK |
| 041 ## - Код за език | |
| Код за езика на текст/звукозапис или на отделно заглавие | Български |
| Код за езика КДБФ | Български |
| 080 ## - УДК | |
| Текстов определител УДК | Икономическо положение. Конюнктура. Стопанска структура - Развитие. Икономически растеж . Вж и 330.33/.36 |
| УДК код - определител по УДК | 338.1 |
| УДК определител | (510) |
| УДК - код + определител | 338.1(510) |
| 080 ## - УДК | |
| Текстов определител УДК | Социография. Социално положение. Условия на политическия и социалния живот. Социално и социално-икономическо положение на отделните страни, народи, раси. Социална география. (Общи въпроси) |
| УДК код - определител по УДК | 308 |
| УДК определител | (510) |
| УДК - код + определител | 308(510) |
| 100 ## - Редна дума - Автор | |
| Автор | Полсън, Хенри |
| Авторска отговорност | първи автор |
| R(LIN) | 1299 |
| 139 ## - Редно поле | |
| Редна дума | Полсън, Хенри |
| Авторски знак | Поло - П 70 |
| 245 ## - Сведения за заглавието | |
| Заглавие | Китай - събуждането на един гигант |
| Редно поле (дума) | Хенри Полсън |
| 260 ## - Област на издателските данни | |
| Име на издателя, разпространителя и проч. | Сиела |
| Година на издаване | 2018 |
| Място на издаване, разпространение и проч. | София |
| 300 ## - Физическа характеристика | |
| Страници | 480 с. |
| Размери/Мащаб | 23 см |
| 380 ## - Жанр | |
| Жанр | Обществени науки |
| 490 ## - СЕРИИ (Колекции) | |
| 9 (RLIN) | 209360 |
| Име на серия | Поредица Власт и отговорност |
| 650 #0 - Допълнително описание по предмет – тема | |
| 9 (RLIN) | 301999 |
| Основно описание – тема или топоним | Икономическо развитие - Китай |
| 651 #7 - Допълнително описание по предмет - топоним | |
| 9 (RLIN) | 179033 |
| Географско понятие | Китай |
| 653 #7 - Ключова дума – ненормативна | |
| 9 (RLIN) | 187463 |
| Ключова дума | икономика |
| 700 ## - Други автори (авторска отговорност) | |
| 9 (RLIN) | 1021 |
| Лично име | Димитров, Христо |
| Автороска отговорност (Описва отношението между автора и произведението) | прев. от англ. |
| 852 ## - Местоположение | |
| Форматна сигнатура | Цб II 293865 |
| 999 ## - СИСТЕМНИ КОНТРОЛНИ НОМЕРА | |
| Koha biblionumber | 322705 |
| Koha biblioitemnumber | 322705 |
| 942 ## - АРТИКУЛИ | |
| Вид на библиотечния материал | Книги |
| Източник на класификационната схема | Universal Decimal Classification |
| Скрит в OPAC | Не |
| Koha issues (borrowed), all copies | 13 |
| 999 ## - СИСТЕМНИ КОНТРОЛНИ НОМЕРА | |
| Koha biblioitemnumber | 322705 |
| 999 ## - СИСТЕМНИ КОНТРОЛНИ НОМЕРА | |
| Koha biblioitemnumber | 322705 |
| 999 ## - СИСТЕМНИ КОНТРОЛНИ НОМЕРА | |
| Koha biblioitemnumber | 322705 |
| 999 ## - СИСТЕМНИ КОНТРОЛНИ НОМЕРА | |
| Koha biblioitemnumber | 322705 |
| Код за отписване | Код за изгубен артикул | Източник на класификационната схема | Код за повреда | Код за отдаване | Артикулен № | Име на библиотеката - собственик | Име на библиотеката, в която се намира в момента | Статус (Текущо местоположение) | Дата на вписване в системата | Местоположение - отдел | Цена в лева | Инвентарен номер | Систематично азбучна сигнатура | Баркод | Цена в евро | Служебен тип на артикула | Коз за рестрикции |
|---|---|---|---|---|---|---|---|---|---|---|---|---|---|---|---|---|---|
| Не е изгубен | Universal Decimal Classification | Не е повреден | заемане за дома | 677645 | Регионална библиотека "Любен Каравелов" Русе | Регионална библиотека "Любен Каравелов" Русе | Заемна - подръчен фонд | 2018-06-19 | Заемна - подръчен фонд | 19.90 | 120000821456 | П 338/П 70 | 120000821456 | 10.17 | Книги | ||
| Не е изгубен | Universal Decimal Classification | Не е повреден | заемане за дома | 688085 | Регионална библиотека "Любен Каравелов" Русе | Регионална библиотека "Любен Каравелов" Русе | Заемна - подръчен фонд | 2019-01-09 | Заемна - подръчен фонд | 13.93 | П 338/П 70 | 120000820750 | 7.12 | Книги | без рестрикции | ||
| Не е изгубен | Universal Decimal Classification | Не е повреден | ползва се в читалня | 690132 | Регионална библиотека "Любен Каравелов" Русе | Регионална библиотека "Любен Каравелов" Русе | Хранилище | 2019-02-22 | Хранилище | 19.90 | Цб 293865 | 120000830122 | 10.17 | Книги | без рестрикции |